| 000 | 00706cam a2200205 i 4500 | ||
|---|---|---|---|
| 005 | 20260105111002.0 | ||
| 008 | 250721s2005 ua gr 000 0 ara d | ||
| 082 | 1 | 4 |
_a219.4 _bد ا و |
| 100 | 1 |
_aداود، محمد عيسى _eمؤلف. |
|
| 245 | 1 | 0 |
_aألواح الأنوار : _bصحائف الإمام علي بن أبي طالب / _cتأليف محمد عيسى داود. |
| 250 | _aالطبعة الأولى. | ||
| 264 | 3 | 1 |
_aالجيزة : _bمكتبة النافذة، _c2005. |
| 300 | _a239 صفحة. | ||
| 650 | 1 | 7 | _aآل البيت. |
| 650 | 1 | 7 | _aبنات الرسول. |
| 650 | 1 | 7 | _aالشيعة. |
| 650 | 1 | 7 | _aالسنة. |
| 942 |
_2ddc _cBK |
||
| 999 |
_c100107 _d100107 |
||